000 00806nam a2200217 a 4500
001 000015233
005 20240412074243.0
008 100203s2003 dr r 001 0 spa d
020 _a9993439207
040 _aDO-SdBNP
_bspa
_cBNPHU
082 _aRD864.44
_bA989b
100 1 _aAyuso, Juan José
_914332
245 1 0 _aEn busca del pueblo dominicano /
_cJuan José Ayuso.
260 _aSanto Domingo :
_bLibrería la Trinitaria,
_c2003.
_fManatí
500 _aIncluye índice
500 _aIncluye datos biográficos del autor en la contracubierta
504 _aIncluye bibliografía (p. 181 -184 )
650 0 _aLiteratura dominicana.
_967
651 4 _aRepública Dominicana
_xCaracterística Nacionales
_xEnsayos, Conferencias, Etc
_934478
650 4 _aIdentidad nacional
_zRepública Dominicana
_934479
999 _c14802
_d14802